000
00250nam a2200097Ia 4500
001
1207794
005
20250827022833.0
008
250824s9999 xx 000 0 und d
245
0
_a
UZAKLARIN ŞARKISI
_c
KAAN MURAT YANIK
260
_b
EVEREST YAYINLARI
999
_c
1207794
_d
1207794